00735nam a2200205Ia 4500952014400000999001500144003000400159005001700163008004100180020001800221040000900239082001900248100004600267245006600313250001200379260006400391300000900455650002100464942004400485 00102ddc40708COMPUTER SCIENCEaMESbMEScCOMPd2019-02-20g190.00l0o005.133 HUB/Tp27087r2019-02-20 00:00:00w2019-02-20yBKzGL31R2 c8805d8805OSt20221114120013.0190216s9999||||xx |||||||||||||| ||und|| a9780070473775 coclc a005.133bHUB/T1 aHubbard, J. R.q(John Rast),d1943-95336 0aTheory and Problems Of Programming With C++ /cJohn R Hubbard a2nd Ed. bTata Mcgraw Hill Publishing Company Ltd,c2000.aNew Delhi: a422p aComputer Science cBK2ddch005.133iHUB/Tk005.133mHUB/T